[Event "Bangkok op 22nd"]
[Site "Bangkok"]
[Date "2025.04.21"]
[Round "9"]
[White "Radnaev, Nomin"]
[Black "Laohawirapap, Prin"]
[Result "1/2-1/2"]
[WhiteElo "2159"]
[BlackElo "2380"]
[PlyCount "89"]
[EventDate "2025.04.13"]
[EventType "swiss"]
[EventRounds "9"]
[EventCountry "THA"]
[SourceTitle "CB17_2025"]
[SourceDate "2025.04.23"]
[SourceVersion "1"]
[SourceVersionDate "2025.04.23"]
[SourceQuality "1"]

1. Nf3 Nf6 2. b3 d5 3. Bb2 Bf5 4. d3 h6 5. g3 e6 6. Bg2 Be7 7. 0-0 0-0 8. Nbd2 c5 9. e3 Bh7 10. Ne5 Nbd7 11. Qe2 Nxe5 12. Bxe5 Nd7 13. Bb2 Bf6 14. Bxf6 Qxf6 15. e4 Rfe8 16. Nf3 Rac8 17. c4 Nb8 18. Rfe1 dxe4 19. dxe4 Nc6 20. Rad1 Red8 21. Qe3 Rxd1 22. Rxd1 Rd8 23. Rxd8+ Qxd8 24. h4 Qd1+ 25. Kh2 Nd4 26. Qf4 Bg6 27. Ne5 Ne2 28. Qf3 Qg1+ 29. Kh3 Qa1 30. Qxe2 Qxe5 31. Kh2 f5 32. f4 Qc7 33. e5 Qd7 34. Bf3 b6 35. Qd1 Qxd1 36. Bxd1 Kf8 37. Kg2 Ke7 38. Kf2 Be8 39. Bf3 h5 40. Ke3 Kd8 41. Kd3 Kc7 42. Kc3 g6 43. a3 Bd7 44. Bg2 Be8 45. Bf3 1/2-1/2

[Event "Titled Tuesday intern op 04th Feb Early"]
[Site "Chess.com INT"]
[Date "2025.02.04"]
[Round "5"]
[White "Antoniou, Rafail"]
[Black "Radnaev, Nomin"]
[Result "0-1"]
[WhiteElo "2041"]
[BlackElo "2197"]
[PlyCount "98"]
[EventDate "2025.02.04"]
[EventType "swiss (blitz)"]
[EventRounds "11"]
[EventCountry "USA"]
[SourceTitle "CB07_2025"]
[SourceDate "2025.02.12"]
[SourceVersion "1"]
[SourceVersionDate "2025.02.12"]
[SourceQuality "1"]

1. d4 Nf6 2. c3 g6 3. Nf3 Bg7 4. g3 0-0 5. Bg2 d6 6. 0-0 c6 7. Bg5 Nbd7 8. Nbd2 h6 9. Bxf6 Nxf6 10. e4 e5 11. dxe5 dxe5 12. Qc2 Qc7 13. Nc4 Re8 14. Rad1 Bg4 15. h3 Bxf3 16. Bxf3 Rad8 17. Bg2 b5 18. Ne3 Nd7 19. b4 Nb6 20. c4 Qe7 21. c5 Na8 22. Nd5 cxd5 23. exd5 e4 24. d6 Qe5 25. Rfe1 f5 26. Qb3+ Kh7 27. Qd5 Qxd5 28. Rxd5 Bc3 29. Red1 Bxb4 30. c6 a6 31. c7 Rd7 32. Bf1 Nb6 33. Rxb5 axb5 34. Bxb5 Rxd6 35. Rxd6 Bxd6 36. Bxe8 Bxc7 37. Bc6 Kg7 38. a4 Nc4 39. Bb5 Nd6 40. Bc6 Kf6 41. Kg2 Ke5 42. Kf1 Kd4 43. Ke2 g5 44. Bd7 f4 45. gxf4 gxf4 46. Bg4 Nc4 47. Bh5 Nb2 48. Be8 f3+ 49. Kd2 Nd3 0-1

[Event "Titled Tuesday intern op 04th Feb Early"]
[Site "Chess.com INT"]
[Date "2025.02.04"]
[Round "3"]
[White "Radnaev, Nomin"]
[Black "Deac, Bogdan Daniel"]
[Result "0-1"]
[WhiteElo "2197"]
[BlackElo "2692"]
[PlyCount "94"]
[EventDate "2025.02.04"]
[EventType "swiss (blitz)"]
[EventRounds "11"]
[EventCountry "USA"]
[SourceTitle "CB07_2025"]
[SourceDate "2025.02.12"]
[SourceVersion "1"]
[SourceVersionDate "2025.02.12"]
[SourceQuality "1"]

1. e4 c5 2. Nf3 e6 3. d4 cxd4 4. Nxd4 a6 5. Nc3 Qc7 6. a3 b5 7. f4 Bb7 8. Bd3 Bc5 9. Nb3 Be7 10. Be3 d6 11. 0-0 Nf6 12. Kh1 Nbd7 13. Qf3 h5 14. Rae1 Rc8 15. Qg3 h4 16. Qh3 Qb8 17. Bd4 e5 18. fxe5 dxe5 19. Bg1 Rxc3 20. bxc3 Qc7 21. Nd2 Bc8 22. Qf3 Nc5 23. c4 h3 24. g3 Bg4 25. Qf2 0-0 26. cxb5 Nxd3 27. cxd3 axb5 28. Qe3 Rd8 29. Nf3 Qd6 30. Rd1 Qxa3 31. Rd2 Qd6 32. Nh4 Qe6 33. Nf5 Bxf5 34. exf5 Qd5+ 35. Qf3 e4 36. Qe3 Ng4 37. Qe2 e3+ 38. Qf3 exd2 39. Qxd5 Rxd5 40. Rd1 Rxd3 41. Be3 Nxe3 42. f6 Bxf6 43. g4 Nxd1 44. g5 Nf2+ 45. Kg1 d1Q+ 46. Kxf2 Qf3+ 47. Ke1 Rd1# 0-1

[Event "Titled Tuesday intern op 07th Jan Early"]
[Site "Chess.com INT"]
[Date "2025.01.07"]
[Round "2"]
[White "Radnaev, Nomin"]
[Black "Jovic, Stanoje"]
[Result "0-1"]
[WhiteElo "2199"]
[BlackElo "2096"]
[PlyCount "96"]
[EventDate "2025.01.07"]
[EventType "swiss (blitz)"]
[EventRounds "11"]
[EventCountry "USA"]
[SourceTitle "CB03_2025"]
[SourceDate "2025.01.15"]
[SourceVersion "1"]
[SourceVersionDate "2025.01.15"]
[SourceQuality "1"]

1. e4 c6 2. d4 d5 3. exd5 cxd5 4. c4 Nf6 5. Nc3 Nc6 6. Nf3 Bg4 7. cxd5 Nxd5 8. Qb3 Bxf3 9. gxf3 Nb6 10. d5 Nd4 11. Bb5+ Nd7 12. Qd1 Nxb5 13. Nxb5 g6 14. d6 Qa5+ 15. Nc3 Qe5+ 16. Be3 Qxd6 17. Qxd6 exd6 18. 0-0-0 Bg7 19. Rxd6 Bxc3 20. bxc3 0-0-0 21. Rhd1 Ne5 22. Rxd8+ Rxd8 23. Bxa7 Nxf3 24. Rxd8+ Kxd8 25. Bb8 Kd7 26. Kb2 Kc6 27. Kb3 Nd2+ 28. Kb4 f5 29. Bg3 g5 30. f4 g4 31. a3 h5 32. a4 Nf1 33. Kc4 Nxg3 34. hxg3 h4 35. gxh4 g3 36. h5 g2 37. h6 g1Q 38. h7 Qh1 39. h8Q Qxh8 40. a5 Qb8 41. a6 bxa6 42. Kd4 Qxf4+ 43. Kd3 Qe4+ 44. Kd2 Kd5 45. c4+ Kxc4 46. Kc1 Qg2 47. Kd1 Kd3 48. Ke1 Qe2# 0-1

[Event "AUT-chT2O 2425"]
[Site "Austria"]
[Date "2024.10.11"]
[Round "1.3"]
[White "Radnaev, Nomin"]
[Black "Pernerstorfer, Max"]
[Result "1-0"]
[WhiteElo "2209"]
[BlackElo "2122"]
[PlyCount "65"]
[EventDate "2024.10.11"]
[EventType "team-tourn"]
[EventRounds "11"]
[EventCountry "AUT"]
[SourceTitle "CB42_2024"]
[Source "ChessBase"]
[SourceDate "2024.10.16"]
[SourceVersion "1"]
[SourceVersionDate "2024.10.16"]
[SourceQuality "1"]
[WhiteTeam "Tschaturanga"]
[BlackTeam "Krems Voest"]
[WhiteTeamCountry "AUT"]
[BlackTeamCountry "AUT"]

1. d4 Nf6 2. c4 c5 3. d5 e6 4. Nc3 exd5 5. cxd5 d6 6. e4 g6 7. f4 Bg7 8. Bb5+ Nfd7 9. a4 0-0 10. Nf3 a6 11. Bd3 Nf6 12. 0-0 Bg4 13. h3 Bxf3 14. Qxf3 Nbd7 15. Be3 Qc7 16. Rac1 Rab8 17. b3 Qb6 18. Bc4 Rfe8 19. Bf2 Qa5 20. Be1 Qd8 21. Bd2 Qc7 22. Bd3 Qb6 23. Kh1 Qxb3 24. Rb1 Qa3 25. Bc4 Nxe4 26. Nxe4 Qxa4 27. Nxd6 Red8 28. Bb3 Qd4 29. Be3 Qc3 30. Nxf7 Kxf7 31. d6+ Kf8 32. Qd5 c4 33. Bxc4 1-0

[Event "Ceske Budejovice op"]
[Site "Ceske Budejovice"]
[Date "2024.07.06"]
[Round "8"]
[White "Stevik, Patrik1"]
[Black "Radnaev, Nomin"]
[Result "1/2-1/2"]
[WhiteElo "2262"]
[BlackElo "2060"]
[PlyCount "25"]
[EventDate "2024.06.29"]
[EventType "swiss"]
[EventRounds "9"]
[EventCountry "CZE"]
[SourceTitle "CBM 221 Extra"]
[Source "ChessBase"]
[SourceDate "2024.09.30"]
[SourceVersion "1"]
[SourceVersionDate "2024.09.30"]
[SourceQuality "1"]

1. Nf3 Nf6 2. g3 d5 3. Bg2 e6 4. 0-0 c5 5. d4 cxd4 6. Nxd4 e5 7. Nb3 Be6 8. c4 Nc6 9. cxd5 Nxd5 10. N1d2 Nf6 11. Nf3 h6 12. Be3 Ng4 13. Qxd8+ 1/2-1/2

[Event "Ceske Budejovice op"]
[Site "Ceske Budejovice"]
[Date "2024.07.05"]
[Round "7"]
[White "Radnaev, Nomin"]
[Black "Kopriva, Martin"]
[Result "1/2-1/2"]
[WhiteElo "2060"]
[BlackElo "2159"]
[PlyCount "52"]
[EventDate "2024.06.29"]
[EventType "swiss"]
[EventRounds "9"]
[EventCountry "CZE"]
[SourceTitle "CBM 221 Extra"]
[Source "ChessBase"]
[SourceDate "2024.09.30"]
[SourceVersion "1"]
[SourceVersionDate "2024.09.30"]
[SourceQuality "1"]

1. d4 Nf6 2. c4 c5 3. d5 g6 4. Nc3 Bg7 5. e4 d6 6. h3 0-0 7. Nf3 e6 8. Be2 exd5 9. exd5 Bf5 10. 0-0 Ne4 11. Nxe4 Bxe4 12. Bd3 Bxf3 13. Qxf3 Nd7 14. Qd1 a6 15. Qc2 Rb8 16. a4 Qh4 17. Bd2 f5 18. f4 Nf6 19. Be1 Qh6 20. Bc3 Nh5 21. Bxg7 Qxg7 22. Qf2 Rbe8 23. Rae1 Qd7 24. Bc2 Rxe1 25. Rxe1 Re8 26. Rxe8+ Qxe8 1/2-1/2

[Event "Ceske Budejovice op"]
[Site "Ceske Budejovice"]
[Date "2024.06.29"]
[Round "1"]
[White "Radnaev, Nomin"]
[Black "Fizerova, Lucie"]
[Result "0-1"]
[WhiteElo "2060"]
[BlackElo "1850"]
[PlyCount "62"]
[EventDate "2024.06.29"]
[EventType "swiss"]
[EventRounds "9"]
[EventCountry "CZE"]
[SourceTitle "CBM 221 Extra"]
[Source "ChessBase"]
[SourceDate "2024.09.30"]
[SourceVersion "1"]
[SourceVersionDate "2024.09.30"]
[SourceQuality "1"]

1. d4 d5 2. c4 e6 3. Nc3 c6 4. cxd5 exd5 5. Qc2 Nf6 6. Bg5 Be7 7. e3 h6 8. Bf4 Nbd7 9. h3 Nf8 10. Nf3 Ne6 11. Bh2 b6 12. Bd3 Bb7 13. 0-0 Rc8 14. Bf5 0-0 15. Ne5 Bd6 16. Rad1 Qe7 17. e4 Rc7 18. Nf3 Bxh2+ 19. Kxh2 dxe4 20. Nxe4 Nxe4 21. Qxe4 Qd6+ 22. Kg1 Re7 23. Qg4 Rfe8 24. a3 Ba6 25. Rfe1 Nxd4 26. Be4 Nxf3+ 27. Qxf3 Qf6 28. Qg4 Bc8 29. Qe2 Rxe4 30. Qxe4 Rxe4 31. Rxe4 Be6 0-1

[Event "AUT-chT2O 2223"]
[Site "Austria"]
[Date "2023.02.19"]
[Round "9"]
[White "Newrkla, Katharina"]
[Black "Radnaev, Nomin"]
[Result "1/2-1/2"]
[WhiteElo "2265"]
[BlackElo "1933"]
[PlyCount "75"]
[EventDate "2022.10.15"]
[EventType "team-tourn"]
[EventRounds "11"]
[EventCountry "AUT"]
[SourceTitle "CBM 213 Extra"]
[Source "ChessBase"]
[SourceDate "2023.05.31"]
[SourceVersion "1"]
[SourceVersionDate "2023.05.31"]
[SourceQuality "1"]
[WhiteTeam "Wien Austria"]
[BlackTeam "Tschaturanga"]
[WhiteTeamCountry "AUT"]
[BlackTeamCountry "AUT"]

1. e4 c5 2. Nf3 d6 3. d4 cxd4 4. Nxd4 Nf6 5. Nc3 a6 6. f3 e5 7. Nb3 Be6 8. Be3 h5 9. Nd5 Bxd5 10. exd5 Nbd7 11. Qd2 g6 12. 0-0-0 Bg7 13. Kb1 0-0 14. Bh6 Rc8 15. h4 Nb6 16. g4 Qc7 17. Bxg7 Kxg7 18. gxh5 Nxh5 19. Bh3 Nc4 20. Qf2 Rce8 21. Bg4 Rh8 22. Rdg1 Qb6 23. Qxb6 Nxb6 24. Na5 Re7 25. c4 Rc7 26. b3 Nd7 27. Bxh5 Rxh5 28. Rg5 Rxg5 29. hxg5 Nb8 30. Kc2 b6 31. Nc6 Nxc6 32. dxc6 Rxc6 33. Kd3 f6 34. gxf6+ Kxf6 35. Ke4 Rc5 36. Rd1 Ke6 37. Rg1 Kf6 38. Rd1 1/2-1/2

[Event "AUT-chT2O 2223"]
[Site "Austria"]
[Date "2023.02.18"]
[Round "8.1"]
[White "Radnaev, Nomin"]
[Black "Lampl, Gerald"]
[Result "1/2-1/2"]
[WhiteElo "1933"]
[BlackElo "2103"]
[PlyCount "58"]
[EventDate "2022.10.15"]
[EventType "team-tourn"]
[EventRounds "11"]
[EventCountry "AUT"]
[SourceTitle "CBM 213 Extra"]
[Source "ChessBase"]
[SourceDate "2023.05.31"]
[SourceVersion "1"]
[SourceVersionDate "2023.05.31"]
[SourceQuality "1"]
[WhiteTeam "Tschaturanga"]
[BlackTeam "Bad Voeslau"]
[WhiteTeamCountry "AUT"]
[BlackTeamCountry "AUT"]

1. d4 Nf6 2. c4 e6 3. Nf3 Bb4+ 4. Nbd2 c5 5. a3 Bxd2+ 6. Bxd2 cxd4 7. Nxd4 Qb6 8. Nb5 d5 9. Be3 Qd8 10. Bf4 0-0 11. e3 Nc6 12. Bd6 Ne7 13. c5 Bd7 14. Nd4 Ne4 15. Bxe7 Qxe7 16. b4 Qf6 17. Qc2 e5 18. Nf3 g5 19. Bd3 Nxf2 20. Qxf2 e4 21. 0-0 exf3 22. Qg3 Rae8 23. Rae1 Qe5 24. Qxf3 f5 25. Qh5 Qg7 26. Kh1 Qg6 27. Qf3 Qe6 28. Qh5 Qg6 29. Qf3 Qe6 1/2-1/2

[Event "AUT-chT2O 2223"]
[Site "Austria"]
[Date "2023.01.22"]
[Round "7.6"]
[White "Ruckschloss, Karol"]
[Black "Radnaev, Nomin"]
[Result "1-0"]
[WhiteElo "2201"]
[BlackElo "1933"]
[PlyCount "71"]
[EventDate "2022.10.15"]
[EventType "team-tourn"]
[EventRounds "11"]
[EventCountry "AUT"]
[SourceTitle "CBM 213 Extra"]
[Source "ChessBase"]
[SourceDate "2023.05.31"]
[SourceVersion "1"]
[SourceVersionDate "2023.05.31"]
[SourceQuality "1"]
[WhiteTeam "Pamhagen"]
[BlackTeam "Tschaturanga"]
[WhiteTeamCountry "AUT"]
[BlackTeamCountry "AUT"]

1. c4 Nf6 2. d4 e6 3. Nf3 d5 4. e3 b6 5. Be2 Bb7 6. 0-0 Nbd7 7. b3 Bd6 8. Bb2 0-0 9. Ne5 c5 10. Nd2 Rc8 11. f4 cxd4 12. exd4 Qe7 13. a4 a5 14. cxd5 Nxd5 15. Ndc4 Bb4 16. Qd3 N7f6 17. f5 Rfe8 18. Qh3 Rcd8 19. Bd3 exf5 20. Bxf5 g6 21. Bc2 Qe6 22. Qh4 Kg7 23. Bc1 Bc3 24. Bh6+ Kg8 25. Rad1 Bb4 26. Rd3 Be7 27. Bg5 Nb4 28. Rh3 Qd5 29. Rf2 Nxc2 30. Bxf6 Bxf6 31. Qxf6 Nxd4 32. Qxf7+ Qxf7 33. Rxf7 Bd5 34. Rfxh7 Bxc4 35. bxc4 Nf5 36. Nd7 1-0

[Event "EU-ch U14 30th"]
[Site "Antalya"]
[Date "2022.11.06"]
[Round "1"]
[White "Cnejev, Vladimir Alexandru"]
[Black "Radnaev, Nomin"]
[Result "1-0"]
[WhiteElo "2293"]
[BlackElo "1929"]
[PlyCount "99"]
[EventDate "2022.11.06"]
[EventType "swiss"]
[EventRounds "9"]
[EventCountry "TUR"]
[SourceTitle "CBM 211 Extra"]
[Source "ChessBase"]
[SourceDate "2023.01.31"]
[SourceVersion "1"]
[SourceVersionDate "2023.01.31"]
[SourceQuality "1"]

1. e4 c5 2. Nf3 d6 3. Bb5+ Nd7 4. 0-0 a6 5. Bd3 Ngf6 6. Re1 e6 7. c3 b5 8. a4 Bb7 9. axb5 axb5 10. Rxa8 Qxa8 11. Na3 b4 12. Nb5 Qa5 13. cxb4 cxb4 14. Nfd4 Be7 15. Nb3 Qb6 16. N5d4 0-0 17. Bb1 Ne5 18. d3 Re8 19. h3 Ng6 20. Be3 Qc7 21. Qd2 d5 22. Rc1 Qd7 23. f3 Rc8 24. Na5 h6 25. Rxc8+ Qxc8 26. Qc2 Qxc2 27. Bxc2 Ba6 28. Ndc6 Bd6 29. Bd2 Ne5 30. Bxb4 Bxb4 31. Nxb4 Bb5 32. d4 Nc4 33. Nxc4 Bxc4 34. e5 Nh5 35. Ba4 Nf4 36. Kf2 Nd3+ 37. Nxd3 Bxd3 38. h4 Kf8 39. Ke3 Ba6 40. Kd2 Ke7 41. Kc3 Kd8 42. Kb4 Kc7 43. Kc5 f6 44. f4 fxe5 45. fxe5 g5 46. hxg5 hxg5 47. Bc6 Bf1 48. g3 Ba6 49. b4 Bc8 50. b5 1-0